| 000 | 00756nam a2200241Ia 4500 | ||
|---|---|---|---|
| 008 | 191130s2005##################000#0#eng## | ||
| 020 | _a9780131850514 | ||
| 022 | _a2004018208 | ||
| 040 |
_aACL _cACL |
||
| 082 | _a301 WAL | ||
| 100 | _aWallace, Ruth A | ||
| 245 |
_aContemporary sociological theory : expanding the classical tradition _cRuth A. Wallace, Alison Wolf |
||
| 250 | _a6th ed | ||
| 260 |
_aUpper Saddle River, N.J _bPrentice Hall _cc2005 |
||
| 300 | _axiii, 466 p. : ill. ; 23 cm | ||
| 500 | _aIncludes bibliographical references (p. 438-446) and index | ||
| 650 | _aSociology | ||
| 650 | _aSociology - Philosophy | ||
| 700 | _aWolf, Alison | ||
| 990 | _aaa5659ddac10000c389563cc4ce4e2e6 | ||
| 991 | _a220304 | ||
| 999 |
_c138265 _d138265 |
||